| 000 | 00000nam##2200000za#4500 |
| 001 | 9.614779 |
| 003 | CaOODSP |
| 005 | 20200327134310 |
| 007 | ta |
| 008 | 150406|1998||||xxc||||| f|0| 0 eng|d |
| 022 | |a0706-6457 |
| 040 | |aCaOODSP|beng |
| 043 | |an-cn--- |
| 086 | 1 |aFs97-6/2258E |
| 110 | 1 |aCanada. |bDepartment of Fisheries and Oceans. |
| 245 | 12|aA comparison of scallop (Placopecten magellanicus) population and community characteristics between fished and unfished areas in Lunenburg County, N.S., Canada / |cby F. Brocken and E. Kenchington. |
| 260 | |aDartmouth - Nova Scotia : |bFisheries and Oceans Canada |c1998. |
| 300 | |avi, 93p. : |bfigs., graphs, references, tables ; |c28 cm. |
| 490 | 1 |aCanadian technical report of fisheries and aquatic sciences|x0706-6457|v2258 |
| 500 | |aPrepared at the Science Branch, Maritimes Region, Invertebrate Fisheries Division, Department of Fisheries and Oceans, Bedford Institute of Oceanography, P.O. Box 1006, Dartmouth, Nova Scotia B2Y 4A2. |
| 546 | |aRésumé en français |
| 563 | |aSoftcover |
| 590 | |a99-11|b1999-03-19 |
| 690 | 07|aShellfish|2gcpds |
| 690 | 07|aFisheries|2gcpds |
| 720 | 1 |aKenchington, E. |
| 720 | 1 |aBrocken, F. |
| 776 | 0#|tA comparison of scallop (Placopecten magellanicus) population and community characteristics between fished and unfished areas in Lunenburg County, N.S., Canada / |w(CaOODSP)9.574008 |
| 830 | #0|aCanadian technical report of fisheries and aquatic sciences,|x0706-6457|v2258|w(CaOODSP)9.514691 |